000 00515nmm a22001817a 4500
005 20131122171419.0
008 131122b2012 tu ||||| |||| 00| 0 eng d
041 _aeng
044 _ack
090 _aLB
_b05758
110 _aTurkish Assosiation for conservation of Nature
_92876
245 _aIstambul :
_bCandidate city for world conservation congress 2016
260 _a2012
_bNational Committee of Turkey
_cs.f.
300 _a22 p.
500 _aPresentación en PDF
546 _aIngles
942 _2z
_cCD-ROM
999 _c7884
_d7884